[Event "Sligo Championship 2024"]
[Site "Enniscrone IRL"]
[Date "2024.02.04"]
[Round "5.4"]
[White "Kononova, Alina"]
[Black "Barnes, Oliver"]
[Result "1/2-1/2"]
[WhiteElo "1632"]
[BlackElo "1571"]
[BlackICU "1531"]
[WhiteNationality "UKR"]
[BlackNationality "IRL"]
[WhiteFideId "14137593"]
[BlackFideId "2517604"]
[PlyCount "119"]
[EventSection "2/4"]
[EventDate "2024.02.02"]

{ Event information: <a
href="https://www.irlchess.com/sligo-cship2024_allfiles/pairings_sligo-cship2024.html">Tournament
report</a>. }

1. e4 c6 2. d4 d5 3. Nc3 dxe4 4. Nxe4 Nf6 5. Nxf6+ exf6 6. Nf3 Bd6 7. Bc4
O-O 8. O-O Bg4 9. c3 Nd7 10. Be3 Qc7 11. h3 Bh5 12. Be2 Rfe8 13. Re1 Rad8
14. Nh4 Bxe2 15. Qxe2 g6 16. Qc2 Bf4 17. Bxf4 Qxf4 18. Nf3 Nf8 19. Qd2 Qxd2
20. Nxd2 Rxe1+ 21. Rxe1 Ne6 22. Nc4 Rd7 23. Ne3 h5 24. h4 Kf8 25. g3 Re7
26. Kf1 Ke8 27. d5 Nd8 28. d6 Re6 29. c4 c5 30. Nd5 Kd7 31. Rxe6 Kxe6 32.
Nc7+ Kd7 33. Nb5 a6 34. Nc3 f5 35. Ke2 Kxd6 36. Ke3 Ke5 37. f4+ Kd6 38. b3
Ne6 39. Ne2 f6 40. Nc3 Nc7 41. Kd3 b5 42. cxb5 axb5 43. a4 Kc6 44. axb5+
Nxb5 45. Nxb5 Kxb5 46. Kc3 Kb6 47. b4 Kb5 48. bxc5 Kxc5 49. Kd3 Kd5 50. Ke3
Kc4 51. Ke2 Kd4 52. Kd2 Kd5 53. Kd3 Ke6 54. Kc4 g5 55. Kc5 Ke7 56. Kc6 Ke6
57. Kc5 gxh4 58. gxh4 Ke7 59. Kc6 Ke6 60. Kc5 1/2-1/2

[Event "Sligo Championship 2024"]
[Site "Enniscrone IRL"]
[Date "2024.02.04"]
[Round "5.5"]
[White "Paibir, Atharva"]
[Black "Mazzamuto, Salvatore Lorenzo"]
[Result "1-0"]
[WhiteElo "1632"]
[BlackElo "1628"]
[WhiteICU "1626"]
[WhiteNationality "IRL"]
[BlackNationality "ITA"]
[WhiteFideId "2512882"]
[BlackFideId "28557336"]
[PlyCount "105"]
[EventSection "2/4"]
[EventDate "2024.02.02"]

{ Event information: <a
href="https://www.irlchess.com/sligo-cship2024_allfiles/pairings_sligo-cship2024.html">Tournament
report</a>. }

1. e4 c5 2. c3 Nf6 3. e5 Nd5 4. d4 cxd4 5. Nf3 Nc6 6. cxd4 d6 7. Bc4 dxe5
8. dxe5 Nb6 9. Qxd8+ Nxd8 10. Bb3 Be6 11. Bxe6 Nxe6 12. Bd2 g6 13. O-O Bg7
14. Na3 O-O 15. Rac1 Rac8 16. Be3 Nd7 17. Bxa7 Nxe5 18. Nxe5 Bxe5 19. Nc4
Bf6 20. Bb6 Nf4 21. Rc2 Rc6 22. b3 Rfc8 23. Rd2 Ne6 24. Rfd1 Ra8 25. a4 Nc5
26. Bxc5 Rxc5 27. Rd8+ Rxd8 28. Rxd8+ Kg7 29. Rb8 Rc7 30. Kf1 Bd4 31. Ke2
Ba7 32. Rd8 Bc5 33. f3 b6 34. Rb8 Rc6 35. Kd3 Kf6 36. b4 Bxb4 37. Rxb6 Rxb6
38. Nxb6 Ba5 39. Nc4 Bc7 40. a5 Ke6 41. a6 Bb8 42. Nb6 f6 43. Nc8 h5 44. a7
Bxa7 45. Nxa7 g5 46. Nb5 Ke5 47. Ke3 Kf5 48. Nd4+ Kg6 49. Ke4 Kf7 50. Kf5
h4 51. h3 e5 52. Nb3 Kg7 53. Nc5 1-0

[Event "Sligo Championship 2024"]
[Site "Enniscrone IRL"]
[Date "2024.02.04"]
[Round "5.6"]
[White "Verlekar, Vivaan"]
[Black "Bermingham, Adam"]
[Result "1/2-1/2"]
[WhiteElo "1520"]
[BlackElo "1676"]
[WhiteICU "1384"]
[BlackICU "1128"]
[WhiteClub "North Kildare"]
[BlackClub "Curragh"]
[WhiteNationality "IRL"]
[BlackNationality "IRL"]
[WhiteFideId "2516942"]
[BlackFideId "2527197"]
[PlyCount "65"]
[EventSection "2/4"]
[EventDate "2024.02.02"]

{ Event information: <a
href="https://www.irlchess.com/sligo-cship2024_allfiles/pairings_sligo-cship2024.html">Tournament
report</a>. }

1. e4 d5 2. exd5 Qxd5 3. Nc3 Qd8 4. d4 Nf6 5. Nf3 Bg4 6. Be2 e6 7. a3 Be7
8. Be3 c6 9. O-O O-O 10. Ne5 Bxe2 11. Qxe2 Nbd7 12. Nxd7 Qxd7 13. Rfd1 Rfe8
14. Qf3 Nd5 15. Ne2 Nxe3 16. Qxe3 Qd5 17. Nc3 Qf5 18. Qe4 Qxe4 19. Nxe4
Rad8 20. Rd3 Rd7 21. Rad1 Red8 22. Kf1 g6 23. Nc5 Bxc5 24. dxc5 Rxd3 25.
Rxd3 Rxd3 26. cxd3 Kg7 27. Ke2 Kf6 28. d4 e5 29. Ke3 Ke6 30. dxe5 Kxe5 31.
b4 Kd5 32. Kd3 f5 33. f4 1/2-1/2

[Event "Sligo Championship 2024"]
[Site "Enniscrone IRL"]
[Date "2024.02.04"]
[Round "5.7"]
[White "O'Connell, Denis"]
[Black "McCarrick, Pat"]
[Result "0-1"]
[WhiteElo "1652"]
[BlackElo "1514"]
[WhiteICU "1500"]
[BlackICU "1337"]
[WhiteClub "Cork"]
[BlackClub "Drumlish"]
[WhiteNationality "IRL"]
[BlackNationality "IRL"]
[WhiteFideId "2505860"]
[BlackFideId "2506823"]
[PlyCount "124"]
[EventSection "2/4"]
[EventDate "2024.02.02"]

{ Event information: <a
href="https://www.irlchess.com/sligo-cship2024_allfiles/pairings_sligo-cship2024.html">Tournament
report</a>. }

1. e4 c5 2. c3 d6 3. d4 Nf6 4. Bd3 g6 5. Nf3 Bg7 6. O-O O-O 7. Re1 Nc6 8.
d5 Nb8 9. Nbd2 Bg4 10. h3 Bh5 11. Nf1 Nbd7 12. Bf4 Qb6 13. Rb1 Bxf3 14.
Qxf3 Nh5 15. Bh2 Ne5 16. Bxe5 Bxe5 17. Ne3 Bg7 18. Nc4 Qd8 19. Ne3 a6 20.
Ng4 b5 21. e5 f5 22. exf6 Nxf6 23. Nxf6+ Bxf6 24. Qe4 Be5 25. Qg4 Rf6 26.
Re4 Qf8 27. Rf1 c4 28. Bb1 Qf7 29. f4 Rf8 30. g3 Qxd5 31. Rd1 Qf7 32. h4 b4
33. h5 bxc3 34. bxc3 d5 35. Rxe5 e6 36. hxg6 hxg6 37. Rg5 Kg7 38. Re1 Rh8
39. Re2 Rh6 40. Rh2 Qa7+ 41. Rf2 Qe3 42. Qf3 Qa7 43. Kg2 Qb8 44. Bc2 Qh8
45. Qg4 Qh7 46. Rf1 Rh2+ 47. Kf3 Rxc2 48. Re5 Rxc3+ 49. Re3 Rxe3+ 50. Kxe3
Qh2 51. Rb1 Qc2 52. Rb7+ Rf7 53. Rb8 d4+ 54. Kxd4 Qd3+ 55. Kc5 Rc7+ 56. Kb6
Qd6+ 57. Ka5 Rc5+ 58. Ka4 Qxb8 59. Qxe6 Qb5+ 60. Ka3 Qa5+ 61. Kb2 Rb5+ 62.
Ka1 Qc3# 0-1

[Event "Sligo Championship 2024"]
[Site "Enniscrone IRL"]
[Date "2024.02.04"]
[Round "5.8"]
[White "Krys, Dmytro"]
[Black "Cummins, Sean"]
[Result "1/2-1/2"]
[WhiteElo "1541"]
[BlackElo "1822"]
[BlackICU "1677"]
[BlackClub "Drogheda"]
[WhiteNationality "UKR"]
[BlackNationality "IRL"]
[WhiteFideId "34187480"]
[BlackFideId "2512084"]
[PlyCount "71"]
[EventSection "2/4"]
[EventDate "2024.02.02"]
[BlackFullName "Cummins, Se&aacute;n"]

{ Event information: <a
href="https://www.irlchess.com/sligo-cship2024_allfiles/pairings_sligo-cship2024.html">Tournament
report</a>. }

1. e4 c5 2. Nc3 Nc6 3. Nf3 g6 4. Bc4 Bg7 5. d3 e6 6. O-O Nge7 7. Bf4 d5 8.
exd5 exd5 9. Bb5 O-O 10. Bxc6 Nxc6 11. Re1 a6 12. Rb1 b5 13. h3 h6 14. Ne2
d4 15. Bh2 g5 16. Ng3 Qd5 17. a3 Bb7 18. Nd2 Ne5 19. f3 f5 20. Qe2 Rae8 21.
Nh5 Bh8 22. Bxe5 Bxe5 23. Qf2 Kh7 24. f4 Bh8 25. fxg5 hxg5 26. Ng3 Kg6 27.
Qf3 Qxf3 28. Nxf3 Bxf3 29. gxf3 Re3 30. Rxe3 dxe3 31. c3 Rd8 32. Rd1 b4 33.
axb4 cxb4 34. d4 bxc3 35. bxc3 Rc8 36. Ne2 1/2-1/2

[Event "Sligo Championship 2024"]
[Site "Enniscrone IRL"]
[Date "2024.02.04"]
[Round "5.9"]
[White "Nielsen, Robert"]
[Black "Taaffe, Paul"]
[Result "0-1"]
[WhiteElo "1506"]
[BlackElo "1764"]
[WhiteICU "1319"]
[BlackICU "1490"]
[WhiteClub "Naomh Barrog"]
[BlackClub "Malahide"]
[WhiteNationality "IRL"]
[BlackNationality "IRL"]
[WhiteFideId "2516624"]
[BlackFideId "2503549"]
[PlyCount "116"]
[EventSection "2/4"]
[EventDate "2024.02.02"]

{ Event information: <a
href="https://www.irlchess.com/sligo-cship2024_allfiles/pairings_sligo-cship2024.html">Tournament
report</a>. }

1. e4 d5 2. exd5 Qxd5 3. d4 Nc6 4. Nf3 Bg4 5. Be2 O-O-O 6. c3 Nf6 7. O-O e5
8. c4 Qa5 9. d5 Bxf3 10. Bxf3 Nd4 11. Nc3 Qb4 12. Be2 c6 13. a3 Qb3 14. Qd3
cxd5 15. cxd5 Nxd5 16. Bd1 Qb6 17. Nxd5 Rxd5 18. Qe4 Qd6 19. Be3 f5 20. Qb1
g6 21. b4 Bg7 22. Ra2 Kb8 23. a4 Rd8 24. a5 Nb5 25. Bc5 Qd7 26. Ba4 Nc3 27.
Qc2 Nxa4 28. Qxa4 Qxa4 29. Rxa4 e4 30. g3 Bd4 31. Be7 Rc8 32. Bg5 Rc2 33.
a6 b5 34. Bf4+ Kc8 35. Ra3 Bb6 36. Rb3 Rd3 37. Rbb1 Rf3 38. Rbc1 Rxf2 39.
Rxf2 Bxf2+ 40. Kf1 Rxc1+ 41. Bxc1 Bd4 42. Bf4 Kd7 43. Ke2 Kc6 44. Kd2 Kb6
45. Kc2 Kxa6 46. Bd2 Kb6 47. h4 Kc6 48. Bf4 Bb6 49. Bd2 Kd5 50. Kc3 a5 51.
Be1 a4 52. Bd2 Bd4+ 53. Kc2 Kc4 54. Bc1 Kxb4 55. Bd2+ Kc4 56. Bc1 b4 57.
Bd2 b3+ 58. Kb1 a3 0-1

[Event "Sligo Championship 2024"]
[Site "Enniscrone IRL"]
[Date "2024.02.04"]
[Round "5.10"]
[White "Nelson, Jacob"]
[Black "O'Hanlon, Joe"]
[Result "1-0"]
[WhiteElo "1665"]
[BlackElo "1592"]
[WhiteICU "1327"]
[BlackICU "1480"]
[BlackClub "Dundalk"]
[WhiteNationality "IRL"]
[BlackNationality "IRL"]
[WhiteFideId "2520320"]
[BlackFideId "2512157"]
[PlyCount "55"]
[EventSection "2/4"]
[EventDate "2024.02.02"]

{ Event information: <a
href="https://www.irlchess.com/sligo-cship2024_allfiles/pairings_sligo-cship2024.html">Tournament
report</a>. }

1. d4 Nf6 2. c4 e5 3. dxe5 Ng4 4. Bf4 Bb4+ 5. Nd2 Nc6 6. Nf3 Qe7 7. e3
Ngxe5 8. Nxe5 Nxe5 9. Be2 d6 10. O-O O-O 11. Nb3 Be6 12. Rc1 Rfd8 13. Qc2
Nd7 14. Rfd1 Bc5 15. Bf3 c6 16. Nxc5 Nxc5 17. e4 a5 18. Rd2 Rd7 19. Rcd1
Rad8 20. Rd4 b6 21. a3 f6 22. b4 axb4 23. axb4 Nb7 24. R4d3 d5 25. cxd5
cxd5 26. exd5 Bf5 27. Qb3 Bxd3 28. d6+ 1-0

[Event "Sligo Championship 2024"]
[Site "Enniscrone IRL"]
[Date "2024.02.04"]
[Round "5.11"]
[White "O'Sullivan, Aidan"]
[Black "Salmin, Vitaliy"]
[Result "0-1"]
[WhiteElo "1611"]
[BlackElo "1570"]
[WhiteICU "1447"]
[BlackICU "1442"]
[WhiteNationality "IRL"]
[BlackNationality "RUS"]
[WhiteFideId "2512386"]
[BlackFideId "34147885"]
[PlyCount "59"]
[EventSection "2/4"]
[EventDate "2024.02.02"]

{ Event information: <a
href="https://www.irlchess.com/sligo-cship2024_allfiles/pairings_sligo-cship2024.html">Tournament
report</a>. }

1. d4 d5 2. Nf3 Nf6 3. Bf4 c5 4. c3 Nc6 5. e3 Nh5 6. Bb5 Nxf4 7. Bxc6+ bxc6
8. exf4 Qb6 9. Qb3 c4 10. Qxb6 axb6 11. O-O f6 12. Re1 Bf5 13. Nbd2 Kf7 14.
Re3 e6 15. a3 Bd6 16. g3 Ra5 17. Rae1 Rb5 18. Nh4 Rxb2 19. Nxf5 exf5 20.
Re6 Rd8 21. Nb1 Rxb1 22. Rxb1 Kxe6 23. Rxb6 Ra8 24. Rxc6 Rxa3 25. Rc8 Rxc3
26. Re8+ Be7 27. Kf1 Rd3 28. Ke2 Rxd4 29. Rc8 Kd7 30. Ra8 0-1

[Event "Sligo Championship 2024"]
[Site "Enniscrone IRL"]
[Date "2024.02.04"]
[Round "5.12"]
[White "Lane, Alan"]
[Black "Donohoe, Eugene"]
[Result "1/2-1/2"]
[WhiteElo "1551"]
[BlackElo "1581"]
[WhiteICU "1204"]
[BlackICU "1416"]
[WhiteClub "St. Benildus"]
[BlackClub "Lucan"]
[WhiteNationality "IRL"]
[BlackNationality "IRL"]
[WhiteFideId "368179924"]
[BlackFideId "2502445"]
[PlyCount "113"]
[EventSection "2/4"]
[EventDate "2024.02.02"]

{ Event information: <a
href="https://www.irlchess.com/sligo-cship2024_allfiles/pairings_sligo-cship2024.html">Tournament
report</a>. }

1. e4 d6 2. Nc3 Nf6 3. d3 Nbd7 4. Be3 e5 5. Be2 c6 6. Qd2 d5 7. exd5 cxd5
8. d4 e4 9. h4 Nb6 10. Nh3 Bd7 11. f4 Bb4 12. Nf2 Qc7 13. a3 Bxc3 14. Qxc3
Qxc3+ 15. bxc3 Rc8 16. Kd2 Nc4+ 17. Bxc4 Rxc4 18. Rab1 b6 19. Rb4 Rc7 20.
Rhb1 Ke7 21. a4 Rhc8 22. Nd1 Ne8 23. Ke1 f5 24. Bd2 Nd6 25. Ne3 Ke6 26. Ke2
Nc4 27. Be1 Nxe3 28. Kxe3 Rc4 29. a5 bxa5 30. Rxc4 Rxc4 31. Kd2 Kd6 32. Kc1
Rc7 33. Kb2 Rb7+ 34. Ka2 Rxb1 35. Kxb1 a4 36. Kb2 Kc7 37. Ka3 Kb6 38. Kb4
a5+ 39. Ka3 Kb5 40. Kb2 Be8 41. Ka3 Kc4 42. Kb2 Kb5 43. Ka3 Bf7 44. Kb2 Bh5
45. Ka3 Bd1 46. Kb2 a3+ 47. Kc1 a2 48. Kb2 a1=Q+ 49. Kxa1 Bxc2 50. Kb2 Bd3
51. Kb3 a4+ 52. Ka3 Bc4 53. Kb2 Bb3 54. g4 fxg4 55. h5 Kc4 56. f5 Kd3 57.
h6 1/2-1/2

[Event "Sligo Championship 2024"]
[Site "Enniscrone IRL"]
[Date "2024.02.04"]
[Round "5.14"]
[White "Hiatt, Alan P."]
[Black "Khanzharov, Edward"]
[Result "0-1"]
[WhiteElo "1597"]
[BlackElo "1548"]
[BlackICU "1472"]
[BlackClub "Bangor"]
[WhiteNationality "ENG"]
[BlackNationality "IRL"]
[WhiteFideId "421081"]
[BlackFideId "2511975"]
[PlyCount "54"]
[EventSection "2/4"]
[EventDate "2024.02.02"]

{ Event information: <a
href="https://www.irlchess.com/sligo-cship2024_allfiles/pairings_sligo-cship2024.html">Tournament
report</a>. }

1. e3 d5 2. d4 Nf6 3. c4 e6 4. Nc3 Bb4 5. a3 Bxc3+ 6. bxc3 O-O 7. Nf3 c6 8.
Qc2 Nbd7 9. c5 Re8 10. Bd3 e5 11. Bf5 e4 12. Nd2 Nh5 13. g4 Qg5 14. Bxd7
Bxd7 15. gxh5 Qg2 16. Rf1 Bh3 17. Bb2 Qxh2 18. O-O-O Bxf1 19. Nxf1 Qxh5 20.
Ng3 Qf3 21. c4 Re6 22. cxd5 cxd5 23. Bc3 b6 24. Rf1 Rc6 25. Qb3 Rd8 26. Qb5
Rdc8 27. Kd2 bxc5 0-1

[Event "Sligo Championship 2024"]
[Site "Enniscrone IRL"]
[Date "2024.02.04"]
[Round "5.15"]
[White "Foenander, Phillip"]
[Black "O'Shea, Niall"]
[Result "1/2-1/2"]
[WhiteElo "1514"]
[BlackElo "1709"]
[WhiteICU "1224"]
[BlackICU "1455"]
[WhiteClub "Limerick"]
[BlackClub "Drumlish"]
[WhiteNationality "IRL"]
[BlackNationality "IRL"]
[WhiteFideId "2505444"]
[BlackFideId "2505142"]
[PlyCount "57"]
[EventSection "2/4"]
[EventDate "2024.02.02"]

{ Event information: <a
href="https://www.irlchess.com/sligo-cship2024_allfiles/pairings_sligo-cship2024.html">Tournament
report</a>. }

1. d4 Nf6 2. c4 e5 3. dxe5 Ng4 4. Nf3 Nc6 5. Bf4 Bb4+ 6. Nbd2 Qe7 7. a3
Ngxe5 8. Nxe5 Nxe5 9. Bxe5 Bxd2+ 10. Qxd2 Qxe5 11. e3 d6 12. Be2 Be6 13.
O-O O-O 14. f4 Qf6 15. Qd4 Qxd4 16. exd4 Rab8 17. f5 Bd7 18. Rac1 Rfe8 19.
Bd3 Re3 20. Rcd1 Ba4 21. Rd2 Rbe8 22. Kf2 b6 23. Re2 Rxe2+ 24. Bxe2 Bc2 25.
g4 Re4 26. Re1 Kf8 27. Bf3 Rxe1 28. Kxe1 Bd3 29. Be2 1/2-1/2

[Event "Sligo Championship 2024"]
[Site "Enniscrone IRL"]
[Date "2024.02.04"]
[Round "5.16"]
[White "Arun, Rahul"]
[Black "McNamara, John J."]
[Result "0-1"]
[WhiteElo "1529"]
[BlackElo "1373"]
[WhiteICU "1049"]
[WhiteClub "Cork"]
[WhiteNationality "IRL"]
[BlackNationality "IRL"]
[WhiteFideId "2524210"]
[BlackFideId "343421962"]
[PlyCount "98"]
[EventSection "2/4"]
[EventDate "2024.02.02"]

{ Event information: <a
href="https://www.irlchess.com/sligo-cship2024_allfiles/pairings_sligo-cship2024.html">Tournament
report</a>. }

1. d4 c6 2. c4 d5 3. Nc3 Nf6 4. Nf3 Bg4 5. Ne5 e6 6. Bg5 Bf5 7. Qb3 Qc7 8.
Rc1 Nbd7 9. cxd5 cxd5 10. Nxd5 Qa5+ 11. Nc3 Nxe5 12. dxe5 Nd7 13. e4 Bxe4
14. Bc4 Qxe5 15. Nxe4 Qxe4+ 16. Be3 Bc5 17. O-O Bxe3 18. fxe3 O-O 19. Rf4
Qc6 20. Rd1 Ne5 21. Bb5 Qb6 22. Rb4 a5 23. Re4 Nc6 24. Rd3 Nb4 25. Ba4 Rfc8
26. Rc3 Rxc3 27. bxc3 Nd5 28. c4 Qxb3 29. Bxb3 Nc3 30. Re5 a4 31. Bc2 Nxa2
32. Rc5 g6 33. Rb5 Nc3 34. Rxb7 a3 35. Bb1 Nxb1 36. Rxb1 a2 37. Ra1 Kg7 38.
Kf2 Kf6 39. Ke2 Ra3 40. Kf3 Ke5 41. g4 Kd6 42. Ke4 Kc5 43. h4 Kxc4 44. h5
gxh5 45. gxh5 f6 46. h6 Kb3 47. Rxa2 Rxa2 48. Kd4 Rh2 49. Ke4 Rxh6 0-1

[Event "Sligo Championship 2024"]
[Site "Enniscrone IRL"]
[Date "2024.02.04"]
[Round "5.17"]
[White "Cassidy, Sydney"]
[Black "Baird, David"]
[Result "1-0"]
[WhiteElo "1581"]
[BlackElo "1645"]
[WhiteICU "1371"]
[BlackICU "1430"]
[WhiteClub "Gorey"]
[BlackClub "Westport"]
[WhiteNationality "IRL"]
[BlackNationality "IRL"]
[WhiteFideId "2507226"]
[BlackFideId "2507250"]
[PlyCount "61"]
[EventSection "2/4"]
[EventDate "2024.02.02"]

{ Event information: <a
href="https://www.irlchess.com/sligo-cship2024_allfiles/pairings_sligo-cship2024.html">Tournament
report</a>. }

1. e4 e6 2. d4 d5 3. Nc3 c5 4. dxc5 Bxc5 5. exd5 exd5 6. Qxd5 Nd7 7. Bb5
Nf6 8. Qxc5 a6 9. Qe3+ Kf8 10. Bd3 b5 11. Qf3 Rb8 12. Qe2 Bb7 13. Nf3 Qc7
14. O-O Re8 15. Be3 Ng4 16. g3 h5 17. h3 Qc6 18. Kg2 Nde5 19. Be4 Qc7 20.
Nxe5 Bxe4+ 21. Nxe4 Rxe5 22. Bf4 Nf6 23. Bxe5 Qxe5 24. Nc3 Qf5 25. Rad1 g5
26. Rd8+ Kg7 27. Rxh8 Kxh8 28. Rd1 Kg7 29. Qd3 Qe6 30. a3 g4 31. h4 1-0